MDQL
is popping MORE tags! Check the
thread
!
Quizzes
Events
Quiz Creation
Community
Videos
Private Events
Remove Ads
Sign In
Join for FREE
Feedback
Dark Mode
Quiz Categories
Sports
Geography
Music
Movies
Television
Just For Fun
Miscellaneous
History
Literature
Language
Science
Gaming
Entertainment
Religion
Holiday
For Kids
Quiz Lab
Recent
Popular Today
Quiz Kudos Today
Editor Picks
Curator Picks
Quizzes by...
Day
Popularity
Type
Ratings
Length
Year
Community
Subscriptions
Recent Discussions
Orange Saloon
Badges
Playlists
Quests
Create
Leaderboards
Showdown
Live 5
Trivia Bingo
Activity
Puzzle Library
Sporcle Events
Private Events
Virtual Trivia
Globe League
Become a Host
Pub Owners
SporcleCon
Opinionation
Our Games
Videos
Blog
Mobile Apps
Partnerships
Remove Ads and Go Orange
Feedback
Just For Fun
Clickable
Get the Picture
Humor
Quick Pick
Word Ladder
Missing Word
Mixed Word
Blitz
Minefield
This or That
Alphabet
Color
Typing
Sporcle
Puzzle
Word Play
Follow That Line
Logic
Just For Fun
Clickable
Get the Picture
Humor
Quick Pick
Word Ladder
Missing Word
Mixed Word
Blitz
Minefield
This or That
Alphabet
Color
Typing
Sporcle
Puzzle
Word Play
Follow That Line
Logic
Random Quiz
Search Sporcle
×
Quiz Lab
Quiz Lab
Just For Fun
Type in answers that appear in a list
Type in answers that appear in a list
Classic
Best Score? Go Orange.
Split Participations Stats
Can you name all of the Split Participations?
By
vinnylovesbacon1
10m
49 Questions
8 Plays
8 Plays
8 Plays
Comments
Comments
Give Quiz Kudos
Give Quiz Kudos
-
- Ratings
hide this ad
Replay
Link that replays current quiz
Next Quiz
Link to next quiz in quiz playlist
You Got
0%
They Got
Avg Score
25%
Avg Friend Score
Upgrade to see
Score Distribution
Jump to the score distribution portion of the page
Score
0/49
Timer
10:00
0
Plays Today
Hint
Answer
% Correct
squeaker
Vinny212
62.5%
Keep calm and
Jcalm
50%
WHAT THE
DoughnutDoctor
50%
We are never to say the R world
RemixNsG
50%
Attacking_
_
Attackzach__
50%
AP Exams :/
Sean081799
37.5%
2 wins in a row?
__Zachattack
37.5%
Don't share with grils
_MrCool
37.5%
RP the dream
ElectriCobra
37.5%
Godx2x3
Bustinx2x3
37.5%
Living like larry
Livin423
37.5%
SavageStripe
SilverStripe
37.5%
Quack quack
SirQuackens
37.5%
Dig down
Bobbytheturtle
37.5%
MIGHT
Mightyguy
37.5%
SirQuackins and _
_
_
_
_
_
Zermbeeh
37.5%
Yeet
aodwovecookies
25%
Chocolatey
ChocoTaco622
25%
Stop snowballing
Batman_1814
25%
got a chromebook
soccerholland
25%
Vicetone -
Heartbeat
Cuteshark
25%
Slave market
DJ
25%
Linking
Joeylink
25%
Undefinite about this one
Jordanleevan
25%
Im a king
Kingsy
25%
Hint
Answer
% Correct
He didn't die first guys
LegoBeast
25%
I did not link to a video
Numdegased
25%
He disappeared like a enderman
Fightin
25%
Best mole ever
Hollymatman
25%
gotta go fast
Mrsonicfan
25%
Supah Man
Supah_Matt
25%
CS:GO
thetonyspera
25%
Buizel
Verxity
25%
Elements
Xenon__54
25%
Rage
Cheesymonkey_
12.5%
Warm fruit
CoolestOrange
12.5%
Help help I'm dead
Dead__
12.5%
Monkey Streamer
SamAGaming
12.5%
Certamina
Brownage
12.5%
4 Bellybuttons
Piktownallstar4
12.5%
SKYHIGH
thegrombmx11
12.5%
This mann is a legend
TheMuffinMann
12.5%
Swimming?
ThePigColony
12.5%
Respawned
APPL
0%
Andre
ThePigMan123
0%
bqdliqn
DECTHEELITE
0%
Vinny and Seans friend
JeremySCrafting
0%
Timebomb
Tman
0%
Maniac in pvp
Maniacmcgee
0%
Quiz Playlist
Details
Report
Send in Message
Add To Playlist
Classic:
Type in answers that appear in a list
Last Updated: Feb 16, 2017
Quiz Scoreboard
CHALLENGE
Sign Up to Join the Scoreboard
Show All
Scores
Hide
Comments
May contain spoilers
Recently Published
Street Fighter Characters
by Artimus82
Gaming
60s
9x9 Crossword: Cartoon Network
by jackfrog10
Miscellaneous
3m
College Basketball Coaching Resumes
by pancakes188
Sports
9m
More to Explore
Quiz From the Vault
Featured Blog Post
Where Did the Easter Bunny Come From?
hide this ad
You Might Also Like...
Tags
This quiz does not have any tags.
Today's Top Quizzes in Just For Fun
Browse Just For Fun
hide this ad
Top Contributed Quizzes in Just For Fun
1
Name Just One - 10 to 1: Just For Fun
2
Killer Double Trees 224 - Colour Match-Up
3
Spring Typing Challenge
4
Crossword Whiteout! 49
5
Zeroing In: Just For Fun
6
Survivor Winners Logic Puzzle
7
Word Ladder: Ahoy Matey
8
Word Ladder: Wilderness Weapon
9
Kyle's 122nd Triple Trees
10
Harry Potter Logic - 'In Chains' II
Explore More
Trending Topics
Harry Potter
Marvel
Crossword
Kpop
Anime
Disney
NBA
Puzzle
The Office
Song
WWE
Soccer
Country
Pokémon
NFL
hide this ad
More By:
vinnylovesbacon1
Quiz
Plays
Rating
Category
Featured
Created
Split Participations
8
Just For Fun
Feb 20, 2016
Go to Creator's Profile
Score Distribution
Quiz Creator Spotlight
vinnylovesbacon1
Follow
Send a Message
Quizzes Created
-
Created Quiz Play Count
-
More By This Creator
Popular Quizzes Today
1
Find the US States - No Outlines Minefield
2
Find the Countries of Europe - No Outlines Minefield
3
The Countries of the World
4
Find the US States
5
Risky Map Clicking: Biggest States A-Z
6
US States
7
Popular People in 1961
8
Movies - When Are They Set?
More Just For Fun Quizzes
Ontario Cities Typing Challenge
Curator's Pick
Trending Quizzes
Risky Map Clicking: Least Populous States A-Z
Countries of the World: 200 Million BC
Billboard Blitz: Aretha Franklin
1-10 Letter G Words
Famous Russians: Author or Composer?
Recently Updated
Leaping Animals
pecheneg
Reality TV Shows (A-Z)
bhenderson79
Rickey Henderson's Hall of Fame Teammates
pecheneg
Champions League XIs: Arsenal
pecheneg
Quick Pick: Celebrities in WWE's Hall of Fame
aduchscher
A-Z Keypad Blitz II
pecheneg
Multiple Oscar Actors
pecheneg
Mystery Phrase Blitz: Oscar 'Best Actors'
pecheneg
F. Scott Fitzgerald Novels
LTH
Pick 3 Villains
ddd62291
Trending Topics
Harry Potter
Crossword
Marvel
Disney
Anime
NBA
Kpop
Country
NFL
Soccer
Song
Pokémon
WWE
The Office
Puzzle
Your Account Isn't Verified!
In order to create a playlist on Sporcle, you need to verify the email address you used during registration. Go to your
Sporcle Settings
to finish the process.
Report this User
Report this user for behavior that violates our
Community Guidelines
.
Details:
Send Report
Go to the Sporcle.com Mobile Site →
Comments